Mule variations /

Bibliographic Details
Main Author: Waits, Tom, 1949-
Format: CD Audio
Language:English
Published: Los Angeles, Calif. : Anti : 1999.
Subjects:

MARC

Tag First Indicator Second Indicator Subfields
LEADER 00000cjm a2200000Ia 4500
001 in00001519084
005 20151021174541.0
007 sd fungnn-----
008 990512s1999 caurcn eng d
024 1 |a 4577865472 
028 0 2 |a 86547-2  |b Anti 
035 |a (OCoLC)41348479 
037 |c $16.95 
040 |a IOS  |c IOS  |d CNB  |d JED  |d TXA  |d UtOrBLW 
049 |a TXAM 
090 |a M1630.18.W353  |b M85 1999 
092 |a 781.66 
100 1 |a Waits, Tom,  |d 1949- 
245 1 0 |a Mule variations /  |c Tom Waits. 
264 1 |a Los Angeles, Calif. :  |b Anti :  |c 1999. 
264 2 |a Los Angeles, Calif. :  |b Distributed by Epitaph, 
300 |a 1 sound disc :  |b digital ;  |c 4 3/4 in. 
336 |a performed music  |b prm  |2 rdacontent 
337 |a audio  |b s  |2 rdamedia 
338 |a audio disc  |b sd  |2 rdacarrier 
500 |a Compact disc. 
500 |a Produced by Tom Waits and Katheleen Brennan. 
518 |a Recorded at Prairie Sun Recording Studios. 
500 |a Program notes inserted in container. 
505 0 0 |t Big in Japan --  |t Lowside of the road --  |t Hold on --  |t Get behind the mule --  |t House where nobody lives --  |t Cold water --  |t Pony --  |t What's he building? --  |t Black market baby --  |t Eyeball kid --  |t Picture in a frame --  |t Chocolate Jesus --  |t Georgia Lee --  |t Filipino box spring hog --  |t Take it with me --  |t Come on up to the house. 
586 |a Grammy Awards, 2000 (Contemporary Folk Album). 
500 |a Sound recording. 
650 0 |a Rock music  |y 1991-2000. 
994 |a E0  |b TXA 
948 |a cataloged  |b h  |c 2000/4/7  |d c  |e fpiscitelli  |f 6:57:05 pm 
999 |a MARS 
999 f f |s 20ecb393-9518-3de1-b3a0-39e1b18e370c  |i 5b8daa94-eb10-336c-b424-40eb294b175c  |t 0 
952 f f |p ric  |a Texas A&M University  |b Rellis Campus  |c Joint Library Facility  |d Remote Storage  |t 0  |e M1630.18.W353 M85 1999  |h Library of Congress classification  |i audio -- audio disc  |m A14825875867 
998 f f |a M1630.18.W353 M85 1999  |t 0  |l Remote Storage